00376nam a2200157Ia 450000500170000000800410001704000190005804100120007708200130008910000160010224500280011826000320014630000110017865000190018985000100020820240715110257.0131103s9999 xx 000 0 und d aLoreto College aEnglish a821bALV aAlvarez, A. aNew poetry 9cA.Alvarez aLondonbPenguin booksc1962 a245p.  aEnglish poetry aLCBED